An introduction to mathematical logic /
Guardado en:
| Autor Principal: | |
|---|---|
| Formato: | Libro |
| Idioma: | English |
| Publicado: |
Englewood Cliffs, N.J. :
Prentice-Hall,
c1969.
|
| Etiquetas: |
Agregar Etiqueta
Sin Etiquetas, Sea el primero en etiquetar este registro!
|
| LEADER | 00476nam a22001455 4500 | ||
|---|---|---|---|
| 001 | MAT.inmabb001894 | ||
| 008 | 690318s1969####nju###########001#0#eng#d | ||
| 005 | 20130312140555.0 | ||
| 245 | 1 | 3 | |a An introduction to mathematical logic / |c Gerson B. Robison. |
| 260 | |a Englewood Cliffs, N.J. : |b Prentice-Hall, |c c1969. | ||
| 300 | |a xi, 212 p. ; |c 24 cm. | ||
| 100 | 1 | |a Robison, Gerson B., |d 1909- | |
| 084 | |a 03-01 (03Bxx) |2 msc2000 | ||
| 010 | |a 69014806 | ||
| 859 | |h 03 |i R666 |p A-3380 |b BIB. MATEMATICA | ||
